[Event "Stara Zagora Trayana Spring"]
[Site "Stara Zagora"]
[Date "2021.03.20"]
[Round "1"]
[White "Bujukliev, Nejko"]
[Black "Georgiev, Krum"]
[Result "0-1"]
[WhiteElo "1654"]
[BlackElo "2343"]
[PlyCount "50"]
[EventDate "2021.03.20"]
[EventType "swiss"]
[EventRounds "7"]
[EventCountry "BUL"]
[SourceTitle "EXT 2022"]
[Source "ChessBase"]
[SourceDate "2021.10.06"]
[SourceVersion "1"]
[SourceVersionDate "2021.10.06"]
[SourceQuality "1"]

1. d4 Nf6 2. Nf3 g6 3. g3 Bg7 4. Bg2 0-0 5. 0-0 d6 6. c4 c6 7. Nc3 a6 8. e4 Nfd7 9. Be3 b5 10. Qb3 bxc4 11. Qxc4 a5 12. Qb3 Nb6 13. d5 c5 14. a4 Na6 15. Rfd1 Nb4 16. e5 Bf5 17. Rac1 Bc2 18. Rxc2 c4 19. Bxb6 cxb3 20. Bxd8 bxc2 21. Rc1 Rfxd8 22. exd6 exd6 23. Ne1 Rac8 24. Be4 Bxc3 25. bxc3 Rxc3 0-1